Works für Windows 3.0 <Das> Kompendium. Einführung. Arbeitsbuch. Nachschlagewerk

Gespeichert in:
Bibliographische Detailangaben
1. Verfasser: Kolberg, Michael
Format: Buch
Sprache:Deutsch
Veröffentlicht: Haar bei München Markt und Technik 1994
Ausgabe:1. Aufl.
Schlagworte:
Tags: Tag hinzufügen
Keine Tags, Fügen Sie das erste Tag hinzu!

MARC

LEADER 00000nam a2200000 4500
001 c010321
005 20221214075540.2
020 |a 3-87791-553-1 
041 0 |a ger 
044 |a DE 
245 1 0 |a Works für Windows 3.0  |b <Das> Kompendium. Einführung. Arbeitsbuch. Nachschlagewerk  |c Michael Kolberg 
250 |a 1. Aufl. 
264 1 |a Haar bei München  |b Markt und Technik  |c 1994 
300 |a 699 s. 
610 2 0 |a softvér 
610 2 0 |a programy počítačové 
610 2 0 |a systémy operačné 
100 1 |a Kolberg, Michael